header

England's rural realms (Record no. 25660)

MARC details
000 -LEADER
fixed length control field 01383nam a2200325Ia 4500
100 1# - MAIN ENTRY--AUTHOR NAME
Personal name Bujak, Edward.
245 10 - TITLE STATEMENT
Title England's rural realms
260 ## - PUBLICATION, DISTRIBUTION, ETC. (IMPRINT)
Place of publication London ;
-- New York :
Name of publisher Tauris Academic Studies,
Year of publication 2007.
300 ## - PHYSICAL DESCRIPTION
Number of Pages 270 p. :
Other physical details maps.
490 1# - SERIES STATEMENT
Series statement International library of economics ;
650 #0 - SUBJECT ADDED ENTRY--TOPICAL TERM
Topical Term Land use, Rural
Topical Term Land tenure
856 40 - ELECTRONIC LOCATION AND ACCESS
Uniform Resource Identifier http://site.ebrary.com/lib/rucke/Doc?id=10231646

No items available.

© 2026 Rongo University
Contact us: librarian | system librarian | Rongo university